L'État : Droit et Politique (notice n° 2198727)
[ vue normale ]
| 000 -LEADER | |
|---|---|
| fixed length control field | 01567cam a2200133 4500500 |
| 005 - DATE AND TIME OF LATEST TRANSACTION | |
| control field | 20260405085600.0 |
| 041 ## - LANGUAGE CODE | |
| Language code of text/sound track or separate title | fre |
| 042 ## - AUTHENTICATION CODE | |
| Authentication code | dc |
| 100 10 - MAIN ENTRY--PERSONAL NAME | |
| Personal name | Nabli, Béligh |
| Relator term | author |
| 245 00 - TITLE STATEMENT | |
| Title | L'État : Droit et Politique |
| 260 ## - PUBLICATION, DISTRIBUTION, ETC. | |
| Name of publisher, distributor, etc. | Armand Colin,<br/> |
| Date of publication, distribution, etc. | 2017.<br/> |
| 520 ## - SUMMARY, ETC. | |
| Summary, etc. | Qu’est-ce que l’État ? Au-delà de la formule prêtée à Louis XIV – « L’État, c’est moi ! » – cette question fondamentale se pose dans des termes sans cesse renouvelés. Construit mais inachevé, l’État n’est pas un produit fini ou un modèle absolu et définitif. Au contraire, il est foncièrement appelé à évoluer dans l’espace et dans le temps. « On nous change notre État ! », s’exclamait déjà Maurice Hauriou à la fin du XIXe siècle. Aussi ce manuel vise-t-il à appréhender l’objet étatique dans ses traits ontologiques (et immuables ?) comme dans ses mutations contemporaines.À partir essentiellement du cas de la France, l’État est ici étudié à travers sa construction (théorique, historique, politique et juridique), son organisation (répartition verticale et horizontale du pouvoir), son action (via les finalités et les moyens de ses missions et fonctions) et son statut (sur le plan international). Non seulement, ces approches se veulent didactiques et complémentaires, mais elles mobilisent à la fois les sciences juridiques et politiques. Autant de caractéristiques qui font l’originalité de ce manuel sur l’État. |
| 856 41 - ELECTRONIC LOCATION AND ACCESS | |
| Uniform Resource Identifier | <a href="https://shs.cairn.info/l-etat--9782200616861?lang=fr&redirect-ssocas=7080">https://shs.cairn.info/l-etat--9782200616861?lang=fr&redirect-ssocas=7080</a> |
Pas d'exemplaire disponible.




Réseaux sociaux